01328nam a22001457a 4500999001900000008004100019100004300060245009000103260003300193300003300226520077500259773003301034942000701067952010801074 c533799d533799260624b ||||| |||| 00| 0 eng d aSingh, Asha and Donald, Nidhin961327 aCaste as a perilous promise? : Thinking with and beyond the Bihar caste survey/Census aEconomic & Political Weekly  a61(23), Jun 6, 2026: p.65-74 aNotwithstanding its serious gender blindness and other limitations, the Bihar caste survey report achieves two seemingly contradictory feats: one, it vindicates caste as a socially-intelligible category in Bihar, which captures certain aspects of under-representation and maldistribution; two, it questions the analytical and political purchase of caste and caste-funnelled governance by exposing the massive substratum of the Bihari “underclass” across castes. The survey alludes to the fact that caste does not stand by itself. Its workings are visible within the complex folds of material conditions. In other words, it brings out the tenacious “class character of caste.”- Reproduced https://www.epw.in/journal/special-articles/caste-perilous-promise.html  aEconomic & Political Weekly  cAR 00102ddc40709408979aIIPAbIIPAd2026-06-24h61(23), Jun 6, 2026: p.65-74pAR139261r2026-06-24yAR